000 01072cam a22002774a 4500
090 _c0
001 13457253
005 20041015140138.0
008 040114s2004 njua b 001 0 eng
010 _a 2004041690
020 _a0131001523 (pbk.)
040 _aDLC
_cDLC
_dDLC
042 _apcc
050 0 0 _aTK5105.5
_b.G58 2004
082 0 0 _a004.6
_222
_bGOF
100 1 _aGoff, Max K.
245 1 0 _aNetwork Distributed Computing :
_bFitscapes and Fallacies /
_cMax K. Goff.
260 _aUpper Saddle River, NJ :
_bPrentice Hall/PTR,
_cc2004.
300 _axxii, 280 p. :
_bill. ;
_c24 cm.
504 _aIncludes bibliographical references and index.
650 0 _aComputer networks.
650 0 _aElectronic data processing
_xDistributed processing.
942 _2ddc
_cBB
999 _c10501
_d10501